Where does sound comes from?

Bibliographic Details
Main Author: Tan, Eunice
Corporate Author: Title
Format: Book
Published: Selangor : Nikaz Publications , 2005
Series:Discovering science
Subjects:

MARC

LEADER 00000cam a2200000 7i4500
001 0000007518
005 20151222.0
008 070903
020 |a 983188079X (set) 
020 |a 9831880838 
090 0 0 |a JF   |b SC ENG (8151) 
100 0 |a Tan, Eunice 
245 1 0 |a Where does sound comes from?   |c Eunice Tan 
260 |a Selangor :   |b Nikaz Publications ,   |c 2005 
440 |a Discovering science 
500 |a Children ages 7-9 years old (orange) 
650 0 |a Junior fiction   |x English   |x Languages 
650 0 |a Science 
650 0 |a Sound   |x Juvenile literature 
710 0 |a Title 
999 |a 0000990412   |b Book   |c Children Collection   |e Perbadanan Perpustakaan Awam Johor 
999 |a 0000990413   |b Book   |c Children Collection   |e Perbadanan Perpustakaan Awam Johor 
999 |a 0000990414   |b Book   |c Children Collection   |e Perbadanan Perpustakaan Awam Johor 
999 |a 0000990415   |b Book   |c Children Collection   |e Perbadanan Perpustakaan Awam Johor 
999 |a 0000990416   |b Book   |c Children Collection   |e Perbadanan Perpustakaan Awam Johor 
999 |a 0001150345   |b Book   |c Children Collection   |e Cawangan Segamat